000 00215 a2200097 4500
001 30548
100 _aHubbell
245 _aWriting Term papers & reports
260 _aNY
_bBarnes & Noble
_c
090 _c20478
_d20478
942 _aNUST-CAE
_cM
_c11645
999 _c265621
_d265621